Logo biblioteca
Santa Fe 2917, Rosario, Santa Fe
Lu-Vi 8 a 19.45
+54-341-4232362
bibliotecaeudoro@gmail.com
Facebook Biblioteca Pedagógica
Sitio web
Vista normal Vista MARC
  • Schefini, Alberto Hugo

Entrada Nombre personal

Número de registros utilizados en: 1

001 - NÚMERO DE CONTROL

  • campo de control: 30850

003 - IDENTIFICADOR DEL NÚMERO DE CONTROL

  • campo de control: AR-RoBPED

005 - FECHA Y HORA DE LA ÚLTIMA TRANSACCIÓN

  • campo de control: 20260514120901.0

008 - DATOS DE LONGITUD FIJA

  • campo de control de longitud fija: 860113n| acannaabn |n aaa

010 ## - NÚMERO DE CONTROL DE LA BIBLIOTECA DEL CONGRESO

  • Número de control de LC: n 85187934

035 ## - NÚMERO DE CONTROL DEL SISTEMA

  • Número de control de sistema: (OCoLC)oca01481510

040 ## - FUENTE DE LA CATALOGACIÓN

  • Centro catalogador/agencia de origen: DLC
  • Lengua de catalogación: eng
  • Centro/agencia transcriptor: DLC
  • Centro/agencia modificador: DLC
  • Centro/agencia modificador: OCoLC
  • Centro/agencia modificador: AR-RoBPED

053 #0 - NÚMERO DE CLASIFICACIÓN LC

  • Número de clasificación–único número o número inicial del rango: PQ7798.29.C48

100 1# - ENCABEZAMIENTO-NOMBRE DE PERSONA

  • Nombre de persona: Schefini, Alberto Hugo

400 1# - TRAZADO DE VÉASE--NOMBRE DE PERSONA

  • Nombre de persona: Schefini, Alberto H.

670 ## - FUENTE DE DATOS ENCONTRADOS

  • Cita de la fuente: Rojas, M.S. Así me gusta más, c1985:
  • Información encontrada: t.p. (Alberto H. Schefini)

670 ## - FUENTE DE DATOS ENCONTRADOS

  • Cita de la fuente: LC data base, 12/20/85
  • Información encontrada: (hdg.: Schefini, Alberto Hugo; usage: Alberto Hugo Schefini)